MARC details
| 000 - LÍDER |
| campo de control de longitud fija |
01366nam a2200253Ia 4500 |
| 008 - ELEMENTOS DE DATOS DE LONGITUD FIJA - INFORMACIÓN GENERAL |
| campo de control de longitud fija |
0000002005 usad 0000000000eng00 |
| 020 ## - INTERNATIONAL STANDARD BOOK NUMBER |
| International Standard Book Number |
971790272 |
| 090 ## - NÚMERO DE LLAMADA DE TIPO LC LOCALMENTE ASIGNADO (OCLC) |
| Número de clasificación (OCLC) (R) |
PSP00 S26s |
| 245 10 - TÍTULO DECLARACIÓN |
| Título |
The second incarnation |
| Resto del título |
: from Zush to Evru |
| Declaración de responsabilidad |
/ potography Rocco Ricci, Armin Linke |
| 260 ## - PUBLICACIÓN, DISTRIBUCIÓN |
| Lugar de publicación |
New York : Haim Chanin Fine Arts |
| Fecha de publicación |
2005 |
| 300 ## - DESCRIPCIÓN FÍSICA |
| Alcance |
32 p. |
| Dimensiones |
/ 23 cm. |
| 500 ## - NOTA GENERAL |
| Nota general |
Exposición realizada en Haim Chanin Fine Arts, New York, octubre 29, 2004 enero 15, 2005 \ Alberto Porta nombre real del artista Zush y Evru \ Incluye cronología del artista \ Texto bilingue : inglés español \ Proyecto Ganador Programa Apoyos Concertados FGAA 2010 |
| 501 ## - Con nota |
| Con nota |
The second incarnation = La segunda encarnación / John Yau ; translated Ariadna Capasso |
| 505 ## - NOTA DE CONTENIDO FORMATEADA |
| Nota sobre el contenido formateado |
OBRAS : Drovesad Edrosivo Omas Of Momesi it Gross Vlo EXceptitud trinitat Mondongo Drevvsa sorud Prayer Vlusovos Dumesvla Evladi Cellovri Somisdre Asura |
| 600 00 - ENTRADA DE SUJETO AÑADIDO - NOMBRE PERSONAL |
| Nombre de la persona |
EVRU, 1946/ |
| Subdivisión general |
TRABAJOS PICTORICOS \ ZUSH, 1946/ |
| -- |
TRABAJOS PICTORICOS |
| 650 14 - ENTRADA DE SUJETO AÑADIDO - TÉRMINO TÓPICO |
| Término tópico o elemento de entrada del nombre geográfico |
ARTE CONTEMPORANEO ESPAÑOL |
| 650 14 - ENTRADA DE SUJETO AÑADIDO - TÉRMINO TÓPICO |
| Término tópico o elemento de entrada del nombre geográfico |
ARTISTAS PLASTICOS ESPAÑOLES EXPOSIONES |
| 650 14 - ENTRADA DE SUJETO AÑADIDO - TÉRMINO TÓPICO |
| Subdivisión general |
CATALOGOS |
| 650 14 - ENTRADA DE SUJETO AÑADIDO - TÉRMINO TÓPICO |
| Término tópico o elemento de entrada del nombre geográfico |
DIBUJOS ESPAÑOLES |
| 650 14 - ENTRADA DE SUJETO AÑADIDO - TÉRMINO TÓPICO |
| Subdivisión general |
EXPOSICIONES |
| 650 14 - ENTRADA DE SUJETO AÑADIDO - TÉRMINO TÓPICO |
| Término tópico o elemento de entrada del nombre geográfico |
PINTORES ESPAÑOLES |
| 650 14 - ENTRADA DE SUJETO AÑADIDO - TÉRMINO TÓPICO |
| Término tópico o elemento de entrada del nombre geográfico |
PINTURA ESPAÑOLA |
| 700 1# - ENTRADA AGREGADA - NOMBRE PERSONAL |
| Nombre de la persona |
Ricci, Rocco \ Linke, Armin \ Yau, John \ Caoasso, Ariadna |